000 00660nam a2200265Ia 4500
003 OSt
005 20220912145455.0
006 a|||||r|||| 00| 0
007 ta
008 220909b |||||||| |||| 00| 0 eng d
024 _a67663
037 _cTextual
040 _aCSL
_beng
_cCSL
041 _aeng
082 _aB281, K3
100 _aEarl Boyd
245 0 _aIntroduction to probability
260 _c1963
300 _ap.
_ccm.
650 _aProbability
700 _a Moore J. William
700 _a Smith Wendell I.
942 _hB281, K3
_cTEXL
_2CC
999 _c32635
_d32635